Loading...
| Science - Physics | 0 | 10 | 0 | 1 | 100 | 20 | 45.10 | 2 | 8 | 48.29 | 68.43 |
| Religion | 0 | 7 | 1 | 0 | 65 | 13 | 39.14 | 4 | 7 | 37.95 | 52.99 |
| Social Science | 0 | 6 | 0 | 0 | 60 | 34 | 62.67 | 0 | 2 | 27.72 | 47.65 |
| Fine Arts - Classical Music | 0 | 6 | 0 | 1 | 60 | 38 | 66.00 | 3 | 4 | 22.79 | 38.62 |
| Literature - British | 0 | 6 | 0 | 0 | 60 | 31 | 53.67 | 1 | 4 | 26.20 | 37.13 |
| History - Other | 0 | 5 | 0 | 0 | 50 | 19 | 30.80 | 5 | 5 | 29.67 | 40.97 |
| Science - Other | 0 | 5 | 1 | 1 | 45 | 16 | 67.20 | 0 | 2 | 16.85 | 24.89 |
| History - American | 0 | 4 | 1 | 1 | 35 | 21 | 55.25 | 1 | 2 | 16.09 | 22.44 |
| History - European | 0 | 4 | 1 | 0 | 35 | 18 | 31.75 | 1 | 2 | 23.57 | 20.83 |
| History - World | 0 | 3 | 0 | 0 | 30 | 29 | 54.67 | 1 | 2 | 12.40 | 18.91 |
| Science - Biology | 0 | 3 | 0 | 0 | 30 | 45 | 72.33 | 0 | 1 | 6.75 | 16.67 |
| Science - Chemistry | 0 | 3 | 1 | 0 | 25 | 17 | 61.33 | 1 | 3 | 11.56 | 22.33 |
| Geography | 0 | 2 | 0 | 0 | 20 | 56 | 58.50 | 1 | 1 | 16.49 | 29.17 |
| Literature - European | 0 | 2 | 0 | 0 | 20 | 33 | 52.50 | 1 | 1 | 9.14 | 12.18 |
| Mythology | 0 | 2 | 0 | 0 | 20 | 47 | 53.50 | 0 | 2 | 9.32 | 13.19 |
| Fine Arts - Other | 0 | 2 | 0 | 1 | 20 | 88 | 96.50 | 0 | 0 | 3.61 | 5.24 |
| Philosophy | 0 | 2 | 1 | 0 | 15 | 39 | 59.00 | 0 | 0 | 10.23 | 15.38 |
| Current Events | 0 | 1 | 0 | 0 | 10 | 74 | 74.00 | 1 | 1 | 6.42 | 20.00 |
| Literature - American | 0 | 1 | 0 | 0 | 10 | 62 | 62.00 | 0 | 0 | 3.95 | 5.56 |
| Fine Arts - Painting and Sculpture | 0 | 1 | 0 | 0 | 10 | 68 | 68.00 | 0 | 0 | 3.45 | 4.86 |
| Literature - World | 0 | 1 | 1 | 0 | 5 | 39 | 39.00 | 0 | 1 | 5.27 | 6.41 |